000 00402nam a2200145Ia 4500
008 231129s1993||||xx |||||||||||||| ||spa||
020 _a958-601-456-8
040 _bspa
082 _a079.861 H564t
100 _aHerrán Marí­a Teresa
245 0 _aTutela periodismo y medios de comunicación
260 _c1993
264 _aTercer Mundo
942 _2ddc
_cBKS
999 _c25750
_d25750